000 00527nam a2200229Ia 4500
001 821
003 GE_BSU
008 181216s||||||||xx |||||||||||||| ||und||
020 _a5934420050
040 _cGE_BSU
080 _a94(479.9)
100 _aАндреев, Александр
245 _aИстория Крыма
260 _aМосква
260 _c2002
300 _a276стр.
300 _eилл.
541 _h10л.
653 _aИстория
653 _aИстория Крыма
942 _cBK
999 _c34985
_d34985